000 00748nam a2200265Ia 4500
003 OSt
005 20220918175140.0
006 a|||||r|||| 00| 0
007 ta
008 220917b |||||||| |||| 00| 0 eng d
024 _a15,921
037 _cTextual
040 _aARTS
_cARTS
_beng
041 _2eng
_aeng
082 _aO111:g(SM9,55), M9
100 _aBarr Marleen S. ed
_953089
245 0 _aDiscontented discourses
260 _aUrbana
_bUniv Of Illinois
_c1989
300 _a250p.
_ccm.
500 _aIncludes index
650 _aENGLISH LITERATURE
700 _a Feldstein Richard ed
_953090
942 _hO111:g(SM9,55), M9
_cTEXL
_2CC
999 _c156312
_d156312